|
|
|
|
| LEADER |
00000nab a2200000 a 4500 |
| 001 |
vtls000905448 |
| 003 |
SK-MaSNL |
| 005 |
20260302172135.0 |
| 008 |
040720e20001219xo 0 slo |
| 035 |
|
|
|a KE14397
|
| 040 |
|
|
|a KEVKJB
|b slo
|c KEVKJB
|e AACR2
|
| 041 |
0 |
|
|a slo
|
| 044 |
|
|
|a xo
|c SK
|
| 080 |
|
|
|a 796.85
|2 1981
|
| 100 |
1 |
|
|a Staško, Mojmír
|4 aut
|9 425454
|
| 245 |
1 |
0 |
|a Košičania získali šesť titulov majstrov VUKABU
|b bratia Šimkovci už myslia na repre, desiatka pretekárov a družstvo dorastencov na majstrovstvá republiky
|
| 611 |
1 |
7 |
|a majstrovstvá východoslovenského regiónu
|2 KEVKJB
|9 877523
|
| 650 |
0 |
7 |
|a karate
|2 KEVKJB
|9 3275
|
| 650 |
0 |
7 |
|a dorastenci
|2 KEVKJB
|9 632865
|
| 650 |
0 |
7 |
|a juniori
|2 KEVKJB
|9 838750
|
| 650 |
0 |
7 |
|a výsledky
|2 KEVKJB
|9 493505
|
| 651 |
|
7 |
|a Košice (Slovensko)
|2 KEVKJB
|9 18694
|
| 651 |
|
7 |
|a KE,
|2 KEVKJB
|9 877256
|
| 655 |
|
7 |
|a periodikum
|2 snkbucl
|9 29553
|
| 773 |
0 |
8 |
|t Košický denník Korzár
|g Roč. 3, č.292, 19.12.2000, s. 5
|x 1335-4566
|
| 852 |
|
|
|a ZVYKNI
|b KIS3GCP
|
| 999 |
|
|
|c 1398024
|d 1399954
|